[Event "ZL-2010-0-00661"]
[Site "LSS email"]
[Date "2010.02.07"]
[Round "?"]
[White "Botezatu, Maxim"]
[Black "Morcin, Tom"]
[Result "0-1"]
[WhiteElo "1062"]
[BlackElo "1637"]
[PlyCount "46"]
[EventDate "2010.01.28"]
[EventType "match (corr)"]
[EventRounds "2"]
[EventCountry "GER"]
[SourceTitle "Corr 2013"]
[Source "ChessBase"]
[SourceDate "2012.11.12"]
[SourceVersion "1"]
[SourceVersionDate "2012.11.12"]
[SourceQuality "1"]

1. e4 c5 2. Nc3 Nc6 3. Nf3 e6 4. d4 cxd4 5. Nxd4 Nf6 6. Be3 d6 7. Be2 Be7 8. 0-0 0-0 9. f4 a6 10. a4 Qc7 11. f5 Bd7 12. Qe1 d5 13. fxe6 fxe6 14. exd5 exd5 15. Rd1 Rae8 16. Nf3 Bd6 17. Nxd5 Nxd5 18. Bc4 Be6 19. Bxd5 Bxd5 20. Rxd5 Nb4 21. Rd3 Bc5 22. Rc3 Rxe3 23. Rxe3 Nxc2 0-1

[Event "LSS SD-2008-0-00018"]
[Site "LSS email"]
[Date "2008.11.02"]
[Round "?"]
[White "Botezatu, Maxim"]
[Black "Blair, Matthew"]
[Result "0-1"]
[WhiteElo "1450"]
[BlackElo "1590"]
[PlyCount "68"]
[EventDate "2008.10.19"]
[EventType "tourn (corr)"]
[EventRounds "6"]
[EventCountry "GER"]
[SourceTitle "Corr 2011"]
[Source "ChessBase"]
[SourceDate "2010.08.31"]
[SourceVersion "1"]
[SourceVersionDate "2010.08.31"]
[SourceQuality "1"]

1. e4 c5 2. Nf3 e6 3. Nc3 d6 4. d4 cxd4 5. Nxd4 Nf6 6. Bg5 Be7 7. Be2 a6 8. f4 h6 9. Bh4 Qb6 10. Rb1 0-0 11. Bf2 Qc7 12. 0-0 e5 13. fxe5 dxe5 14. Nf5 Bxf5 15. exf5 Rd8 16. Qe1 Nc6 17. Kh1 e4 18. Rd1 Rac8 19. Bg3 Qb6 20. Na4 Qb4 21. Qxb4 Nxb4 22. c3 Nd3 23. Bxd3 exd3 24. b3 b5 25. Nb2 d2 26. Be5 Ba3 27. c4 Ng4 28. Bc3 Ne3 29. Rf3 Bxb2 30. Rxe3 Bxc3 31. Rxc3 Re8 32. Rf3 Re1+ 33. Rf1 Rxf1+ 34. Rxf1 bxc4 0-1